Voitures par Image - Statistiques

Statistiques générales
  • Ce quiz a été pris 789 fois
  • Le résultat moyen est 7 sur 14
Statistiques - réponses
Par images Réponse % Correct
Ford GT
80%
Lamborghini Aventador
76%
Mclaren P1
70%
Mercedes AMG GT
69%
Mclaren 720s
64%
Porsche Carrera GT
56%
Lamborghini Murcielago
54%
Mercedes 300 SL
45%
Bugatti Centodieci
39%
Pagani Zonda R
37%
Ferrari Sf90 Stradale
29%
Koenigsegg Agera RS
28%
Ferrari Gtc4 Lusso
25%
Hennessey Venom F5
17%
Aucun quiz correspondant
Distribution des résultats
% des personnes avec chaque résultat
Percentile par nombre de réponses
Votre historique - résultats
Vous n’avez pas pris ce quiz